书目信息 |
| 题名: |
结构生物信息学
|
|
| 作者: | 波恩 , 魏西希 编 ;刘振明 , 刘海燕 译 | |
| 分册: | ||
| 出版信息: | 北京 化学工业出版社 2009 |
|
| 页数: | 453页 | |
| 开本: | 26cm | |
| 丛书名: | ||
| 单 册: | ||
| 中图分类: | Q617 , Q811.4 | |
| 科图分类: | ||
| 主题词: | 生物结构--生物信息论--研究 , 生物结构 , 生物信息论 | |
| 电子资源: | ||
| ISBN: | 978-7-122-03180-8 | |
| 000 | 01253nam0 2200325 45 | |
| 001 | 1338810734 | |
| 005 | 20130514151209.01 | |
| 010 | @a978-7-122-03180-8@dCNY79.00 | |
| 100 | @a20130108d2009 em y0chiy0110 ea | |
| 101 | 1 | @achi@ceng@aeng |
| 102 | @aCN@b110000 | |
| 105 | @aa z 000yy | |
| 106 | @ar | |
| 200 | 1 | @a结构生物信息学@AJie Gou Sheng Wu Xin Xi Xue@dStructural bioinformatics@f(美) P. E. 波恩(P. E. Bourne),(美) H. 魏西希(H. Weissig)编@F( Mei ) P. E. Bo En (P. E. Bourne),( Mei ) H. Wei Xi Xi (H. Weissig) Bian@g刘振明,刘海燕等译@zeng |
| 210 | @a北京@c化学工业出版社@d2009 | |
| 215 | @a453页@c图@d26cm | |
| 305 | @a由John Wiley & Sons, Inc.授权出版 | |
| 330 | @a本书共分8部分,内容包括:数据描述和数据库、比较特征、结构和功能测定、蛋白质相互作用、作为药物靶标的蛋白质、结构预测、未来等。 | |
| 510 | 1 | @aStructural bioinformatics@zeng |
| 606 | 0 | @a生物结构@x生物信息论@x研究 |
| 606 | 0 | @a生物结构 |
| 606 | 0 | @a生物信息论 |
| 690 | @aQ617@v5 | |
| 690 | @aQ811.4@v5 | |
| 701 | 1 | @a波恩@ABo En@g(Bourne, P. E.)@4编 |
| 701 | 1 | @a魏西希@AWei Xi Xi@g(Weissig, H.)@4编 |
| 702 | 0 | @a刘振明@ALiu Zhen Ming@4译 |
| 702 | 0 | @a刘海燕@ALiu Hai Yan@4译 |
| 801 | @aCN@bTANGWEI@c20130108 | |
| 905 | @b0819749-53@dQ617@e25@f5 | |
| 结构生物信息学=Structural bioinformatics/(美) P. E. 波恩(P. E. Bourne),(美) H. 魏西希(H. Weissig)编/刘振明,刘海燕等译.-北京:化学工业出版社,2009 |
| 453页:图;26cm |
| ISBN 978-7-122-03180-8:CNY79.00 |
| 本书共分8部分,内容包括:数据描述和数据库、比较特征、结构和功能测定、蛋白质相互作用、作为药物靶标的蛋白质、结构预测、未来等。 |
| ● |
| 相关链接 |
|
|
|
|
正题名:结构生物信息学
索取号:Q617/25
 
预约/预借
| 序号 | 登录号 | 条形码 | 馆藏地/架位号 | 状态 | 备注 |
| 1 | 0819749 | 208197495 | 第二样本阅览室/ [索取号:Q617/25] | 在馆 | |
| 2 | 0819750 | 208197501 | 第三借阅区/ [索取号:Q617/25] | 在馆 | |
| 3 | 0819751 | 208197510 | 第三借阅区/ [索取号:Q617/25] | 在馆 | |
| 4 | 0819752 | 208197529 | 第三借阅区/ [索取号:Q617/25] | 在馆 | |
| 5 | 0819753 | 208197538 | 第三借阅区/ [索取号:Q617/25] | 在馆 |